| 000 | 00482nam a22001937a 4500 | ||
|---|---|---|---|
| 005 | 20150325143144.0 | ||
| 008 | 150325b xxu||||| |||| 00| 0 eng d | ||
| 020 |
_a9780007597734 _c299.00 |
||
| 040 | _aLoreto College | ||
| 041 | _aEnglish | ||
| 082 |
_aF _bBAG |
||
| 100 | _aBagshawe, Tilly | ||
| 245 |
_aSidney Sheldon's Chasing tomorrow _cTilly Bagshawe |
||
| 260 |
_aLondon _bHarper _c2014 |
||
| 300 |
_a394p. _b22cm. |
||
| 650 | _aFiction | ||
| 850 | _aLCLIB | ||
| 942 | _cBK | ||
| 999 |
_c39870 _d90349 |
||